US Presidents with Queen Elizabeth II Quiz Stats

 Plays Quiz Updated Jul 25, 2018

Score 0/12 Timer 05:00
20 Plays Today
% Correct
George W. Bush
99.1%
Barack Obama
99%
John F. Kennedy
98.7%
Bill Clinton
98.3%
Donald Trump
97.7%
Ronald Reagan
96.8%
Richard Nixon
95.8%
George H. W. Bush
94.1%
Jimmy Carter
93.4%
Dwight D. Eisenhower
90%
Gerald Ford
87.5%
Harry S. Truman
86.4%

You're not logged in!

Compare scores with friends on all Sporcle quizzes.
OR
Log In

Sporcle TV

Today on Sporcle TV


Watch our educational content, quiz creation guides, and fun videos on Sporcle TV.

Show Comments

Extras

Top Quizzes Today


Score Distribution

Your Account Isn't Verified!

In order to create a playlist on Sporcle, you need to verify the email address you used during registration. Go to your Sporcle Settings to finish the process.

Report this User

Report this user for behavior that violates our Community Guidelines.

Details: